Diseño de un transductor de fuerza en tracción de 500 kN de capacidad y dimensiones reducidas
Guardado en:
| Hovedforfatter: | |
|---|---|
| Andre forfattere: | , |
| Format: | Bog |
| Sprog: | Spanish |
| Udgivet: |
[San José, Costa Rica]
2016
|
| Fag: | |
| Tags: |
Tilføj Tag
Ingen Tags, Vær først til at tagge denne postø!
|
MARC
| LEADER | 00000nam a22000007a 4500 | ||
|---|---|---|---|
| 003 | 012468 | ||
| 005 | 20230911155224.0 | ||
| 008 | 160922b2016 cr a|||| |||| 00| ||spa d | ||
| 040 | |c cru CEDI | ||
| 090 | |a TFG 7625 | ||
| 100 | |9 1457 |a Chaves Vargas, Adrián, 1992- | ||
| 245 | |a Diseño de un transductor de fuerza en tracción de 500 kN de capacidad y dimensiones reducidas | ||
| 260 | |a [San José, Costa Rica] |c 2016 | ||
| 300 | |a xii, 114 hojas : ilustraciones (principalmente a color) + 1 disco de computadora (1 archivo de texto : PDF, 386 KB ; 12 cm) | ||
| 500 | |a Proyecto de graduación (licenciatura en ingeniería mecánica)--Universidad de Costa Rica. Facultad de Ingeniería. Escuela de Ingeniería Mecánica | ||
| 501 | |a Directora de Tesis de Graduación: Msc. Leonora De Lemos Medina | ||
| 650 | |x TRANSDUCTORES DE PRESION - EQUIPO Y ACCESORIOS |x DISEÑO DE MAQUINAS |x TRANSDUCTORES DE FUERZA - DISEÑO |x METODO DE ELEMENTOS FINITOS |9 5333 | ||
| 700 | |9 1458 |a Zamora Bolaños, Alejandro, 1991- | ||
| 700 | |9 39 |a De Lemos Medina, Leonora, 1977- |d Directora del TFG | ||
| 942 | |c CEDI | ||
| 999 | |c 17048 |d 17048 | ||
